Journal of Counseling and Development JCD

Detalles Bibliográficos
Formato: Revista
Lenguaje:inglés
Publicado: Hoboken, NJ : Blackwell Publishing Ltd., 1923-
Materias:
Acceso en línea:http://www.vlex.com/source/7209

MARC

LEADER 00000nas a22000007a 4500
005 20130308150316.0
007 cr|||| ||||
008 130308c19239999xxuqr|pss|||| 0|||a1eng d
020 |a 7489633  
035 |a 7209 
040 |a vLex 
090 |c 3882  |d 3882 
245 0 0 |a Journal of Counseling and Development  |b JCD  |h [Recurso electrn̤ico]  
256 |a Servicio en ln̕ea 
260 |a Hoboken, NJ :  |b Blackwell Publishing Ltd.,  |c 1923- 
300 |a 1 Recurso electrn̤ico 
506 |d vLex Global  |d vLex Global (Academic Edition, excluding Law Schools)  |d vLex Global (U.S. Academic Edition, Law Schools)  |d vLex Global (U.S. Academic Edition, excluding Law Schools)  |d vLex Global (Academic Edition, Law Schools) 
650 0 4 |a Ciencias polt̕icas  |v Revistas 
650 0 4 |a Sociologa̕  |v Revistas 
740 |a vLex Revistas (Servicio en ln̕ea) 
856 |a Acceso restringido  |u http://www.vlex.com/source/7209 
942 |c REV 
999 0 |a Political science